000 00226nam a2200085Ia 4500
245 0 _aChristmas foods
100 _a VAUGHAN, Jenny Oxford, 2009 2nd ed
_976669
942 _cBK
008 210817s9999 xx 000 0 und d
999 _c259374
_d259373